000 00285nam a22001217a 4500
020 _a0-07-034022-6
082 _a004.03 KEL'D
100 _aBOOTLE , KELLY, S
_966076
245 _aTHE DEVILS DP DICTIONARY
260 _aNEWYORK
_bMCGRAW HILL
_c1981
300 _aXI, 141P
942 _cBK
999 _c574110
_d574110